000 00348nam a2200145Ia 4500
008 230917s9999||||xx |||||||||||||| ||und||
040 _e149580
_aMAIN
041 _aEnglish
082 _a940.27 T382E
100 _aThomson, David
245 0 _aEurope since napoleon
260 _aLondon
_bPenguin Books
_c1978
300 _a994p p.
942 _cBK
999 _c197550
_d197550